| 000 | 00844nam a2200241 a 4500 | ||
|---|---|---|---|
| 001 | 191133 | ||
| 003 | ES-MaACL | ||
| 005 | 20230906223936.0 | ||
| 008 | 220914s1993 xxu|||||| 001 ||eng|c | ||
| 020 | _a156409006X | ||
| 022 | _a1055-632X | ||
| 040 |
_aES-BaCBU _bcat _cES-BaCBU |
||
| 080 | _a(058)"1993" | ||
| 245 | 0 | 0 |
_aLibro del año, 1993 : _bresumen ilustrado de actualización, con los principales acontecimientos de 1992, para las obras en español de Encyclopaedia Britannica Publishers, Inc. |
| 260 |
_aMéxico, D.F. : _bEncyclopaedia Britannica de México, _ccop. 1993. |
||
| 300 |
_a415 p. : _bil. ; _c29 cm. |
||
| 504 | _aÍndice. | ||
| 655 | 7 |
_2tgfbne _9226822 _aAnuarios |
|
| 710 | 2 |
_aEncyclopaedia Britannica. _93472 |
|
| 852 |
_aES-MaACL _jANU 058 lib "1993" |
||
| 942 | _2udc | ||
| 999 |
_c191133 _d191133 |
||